BSOP header

Seeing red or tickled pink : (Record no. 3838)

MARC details
000 -LEADER
fixed length control field 00638nam a2200193 4500
008 - FIXED-LENGTH DATA ELEMENTS--GENERAL INFORMATION
fixed length control field 010904s1992 us 1 engYA
020 ## - INTERNATIONAL STANDARD BOOK NUMBER
International Standard Book Number 0452270405
090 ## - LOCALLY ASSIGNED LC-TYPE CALL NUMBER (OCLC); LOCAL CALL NUMBER (OCLC)
Classification number (OCLC) (R) ; Classification number, CALL (RLIN) (NR) PE1689
Local cutter number (OCLC) ; Book number/undivided call number, CALL (RLIN) Am6
100 1# - MAIN ENTRY--PERSONAL NAME
Personal name Ammer, Christine
245 10 - TITLE STATEMENT
Title Seeing red or tickled pink :
Remainder of title color terms in everyday language /
Statement of responsibility, etc by Christine Ammer.
260 ## - PUBLICATION, DISTRIBUTION, ETC. (IMPRINT)
Place of publication, distribution, etc New York :
Name of publisher, distributor, etc Penguin,
Date of publication, distribution, etc c1992.
300 ## - PHYSICAL DESCRIPTION
Extent viii, 215 p.
504 ## - BIBLIOGRAPHY, ETC. NOTE
Bibliography, etc Includes indexes
650 #4 - SUBJECT ADDED ENTRY--TOPICAL TERM
Topical term or geographic name as entry element Colors, Words for.
650 #4 - SUBJECT ADDED ENTRY--TOPICAL TERM
Topical term or geographic name as entry element English language
General subdivision Etymology.
650 #4 - SUBJECT ADDED ENTRY--TOPICAL TERM
Topical term or geographic name as entry element English language
General subdivision Terms and phrases.
650 #4 - SUBJECT ADDED ENTRY--TOPICAL TERM
Topical term or geographic name as entry element Figures of speech
951 ## - EQUIVALENCE OR CROSS-REFERENCE-GEOGRAPHIC NAME/AREA NAME [OBSOLETE] [CAN/MARC only]
-- 21182
-- PE1689/Am6
-- 070613110958890
-- 2000-12-21
-- REF
Holdings
Withdrawn status Lost status Damaged status Not for loan Home library Current library Shelving location Date acquired Accession number Shelving control number Total Checkouts Full call number Date last seen Price effective from Koha item type
        BSOP Library BSOP Library Reference 12/21/2000 21182 127   PE1689/Am6 02/23/2013 02/23/2013 Books
BSOP

Biblical Seminary of the Philippines
  All rights Reserved
  © 2024

CONTACT INFORMATION

Biblical Seminary of the Philippines,
  77-B Karuhatan Road, Valenzuela City,
  PHILIPPINES 1441
  Phone: +632 8292-6795 / 8292-6798
  Fax : +632 8292-6675
  Email: library@bsop.edu.ph